000 00356nam a22001217a 4500
008 180522b xxu||||| |||| 00| 0 eng d
041 _aeng
080 _a043.3
100 _a0
101 _aSHKI-BA
245 _aICT standardet politikat e sigurise dhe implementimi i tyre ne Infrastrukture e nje rrjete te madhesise se emsme
_cBytyqi, I
942 _2udc
_cBK
999 _c46236
_d46236